Personality in work organizations (Record no. 480859)

MARC details
000 -LEADER
fixed length control field 01739cam a2200385 a 4500
001 - CONTROL NUMBER
control field EDZ0000076797
003 - CONTROL NUMBER IDENTIFIER
control field StDuBDS
005 - DATE AND TIME OF LATEST TRANSACTION
control field 20161031105153.0
006 - FIXED-LENGTH DATA ELEMENTS--ADDITIONAL MATERIAL CHARACTERISTICS--GENERAL INFORMATION
fixed length control field m||||||||d||||||||
007 - PHYSICAL DESCRIPTION FIXED FIELD--GENERAL INFORMATION
fixed length control field cr |||||||||||
008 - FIXED-LENGTH DATA ELEMENTS--GENERAL INFORMATION
fixed length control field 120418s2002 caua fo| 001|0|eng|d
020 ## - INTERNATIONAL STANDARD BOOK NUMBER
International Standard Book Number 9781452231198 (ebook) :
Terms of availability No price
040 ## - CATALOGING SOURCE
Original cataloging agency StDuBDS
Language of cataloging eng
Transcribing agency StDuBDS
Description conventions pn
049 ## - LOCAL HOLDINGS (OCLC)
Holding library Alfaisal Main Library
050 #0 - LIBRARY OF CONGRESS CALL NUMBER
Classification number HF5548.8
Item number .J256 2002
082 04 - DEWEY DECIMAL CLASSIFICATION NUMBER
Classification number 158.7
Edition number 23
100 1# - MAIN ENTRY--PERSONAL NAME
Personal name James, Lawrence R.
245 10 - TITLE STATEMENT
Title Personality in work organizations
Medium [electronic resource] /
Statement of responsibility, etc Lawrence R. James, Michelle D. Mazerolle.
260 ## - PUBLICATION, DISTRIBUTION, ETC. (IMPRINT)
Place of publication, distribution, etc Thousand Oaks, Calif. ;
-- London :
Name of publisher, distributor, etc SAGE,
Date of publication, distribution, etc c2002.
300 ## - PHYSICAL DESCRIPTION
Extent 1 online resource (xii, 252 p.) :
Other physical details ill.
490 1# - SERIES STATEMENT
Series statement Foundations for organizational science
520 8# - SUMMARY, ETC.
Summary, etc This book begins by introducing the principal concepts of current personality theory. A concerted effort is made to communicate the sense of coherence that exists among the components of personality such as needs, traits, social cognition, and emotions. The `Five Factor Model' of traits is described. This work also gives an overview of the techniques used to evaluate personality.
521 ## - TARGET AUDIENCE NOTE
Target audience note Specialized.
588 ## -
-- Description based on print version record.
504 ## - BIBLIOGRAPHY, ETC. NOTE
Bibliography, etc Includes bibliographical references and index.
650 #0 - SUBJECT ADDED ENTRY--TOPICAL TERM
Topical term or geographic name as entry element Psychology, Industrial.
650 #0 - SUBJECT ADDED ENTRY--TOPICAL TERM
Topical term or geographic name as entry element Personality.
655 #7 - INDEX TERM--GENRE/FORM
Genre/form data or focus term Electronic books.
Source of term local
700 1# - ADDED ENTRY--PERSONAL NAME
Personal name Mazerolle, Michelle D.
710 2# - ADDED ENTRY--CORPORATE NAME
Corporate name or jurisdiction name as entry element Sage eBooks
776 08 - ADDITIONAL PHYSICAL FORM ENTRY
Display text Print version :
International Standard Book Number 9780761902966
830 #0 - SERIES ADDED ENTRY--UNIFORM TITLE
Uniform title Foundations for organizational science.
856 40 - ELECTRONIC LOCATION AND ACCESS
Uniform Resource Identifier <a href="http://ezproxy.alfaisal.edu/login?url=http://sk.sagepub.com/books/personality-in-work-organizations">http://ezproxy.alfaisal.edu/login?url=http://sk.sagepub.com/books/personality-in-work-organizations</a>
942 ## - ADDED ENTRY ELEMENTS (KOHA)
Source of classification or shelving scheme Library of Congress Classification
Koha item type eBooks

No items available.

Copyright © 2020 Alfaisal University Library. All Rights Reserved.
Tel: +966 11 2158948 Fax: +966 11 2157910 Email:
librarian@alfaisal.edu